000 00628nam a22002057a 4500
999 _c186232
_d186232
005 20220217163426.0
010 _aENG-131663
020 _a9789392311062
_c999.00
035 _aEN-115195
037 _bDBAD
082 _a531
100 _aSreekanth, D.V.
245 _aMechanics of Solids/
_cD.V. Sreekanth et.al.
260 _aHyderabad
_bSunRaise International Publishers
_c2021
270 _a# 326/C, Level-2, Surneni Nilayam Near B K Guda Park, S R Nagar
_bHyderabad
_e500038
300 _axvi, 496p.
_c24cm(pbk)
700 _aParamesh, T.
700 _aHemalatha, K.
942 _2ddc
_cEN
_h531
_mSRE